100 acteurs français aujourd'hui disparus (par image) - Statistiques

Statistiques générales
  • Ce quiz a été pris 160 fois
  • Le résultat moyen est 36 sur 100
Statistiques - réponses
Par images Réponse % Correct
Coluche
96%
Louis de Funès
96%
Bourvil
95%
Fernandel
93%
Jean-Paul Belmondo
91%
Michel Galabru
90%
Jean Gabin
87%
Jacques Villeret
86%
Jean Rochefort
85%
Alain Delon
83%
Claude Brasseur
78%
Jean Lefebvre
78%
Yves Montand
78%
Jean Marais
74%
Bernard Blier
67%
Guy Marchand
66%
Michel Piccoli
64%
Jean Carmet
61%
Raimu
60%
Charles Aznavour
59%
Pierre Mondy
59%
Jean-Pierre Marielle
55%
Michel Serrault
55%
Bernard Giraudeau
54%
Gérard Philipe
54%
Philippe Noiret
50%
Paul Préboist
49%
Claude Rich
47%
Claude Piéplu
46%
Jean-Claude Brialy
46%
Robert Hossein
46%
Serge Reggiani
46%
Philippe Léotard
45%
Louis Jouvet
43%
Michael Lonsdale
42%
Michel Bouquet
42%
Jean Yanne
41%
Bruno Cremer
40%
Francis Blanche
39%
Jacques François
38%
Michel Constantin
38%
Paul Meurisse
38%
Christian Marin
35%
Jacques Tati
34%
Robert Dalban
33%
André Pousse
32%
Jacques Dufilho
31%
Maurice Ronet
31%
Charles Vanel
30%
Daniel Gélin
30%
Jean-Louis Trintignant
30%
Pierre Tornade
30%
Daniel Ceccaldi
29%
Julien Guiomar
29%
Darry Cowl
28%
Noël Roquevert
28%
Fernand Sardou
27%
Jean-Pierre Cassel
27%
Sacha Guitry
26%
Mario David
25%
Jacques Perrin
24%
Bernard-Pierre Donnadieu
20%
Fernand Charpin
20%
Maurice Biraud
19%
Max Linder
18%
Pierre Fresnay
18%
Georges Wilson
16%
Paul Le Person
16%
Jean-Louis Richard
14%
Maurice Barrier
14%
Michel Auclair
14%
Paul Crauchet
14%
Jean Bouise
13%
Jean Desailly
13%
Jean-Pierre Darras
13%
Jules Berry
13%
Charles Boyer
12%
Guy Tréjan
12%
Henri Génès
12%
Raymond Pellegrin
12%
Jacques Dynam
11%
Jean-Louis Barrault
10%
Paul Frankeur
10%
Roger Dumas
10%
Gérard Barray
9%
Christian Barbier
8%
Georges Geret
8%
Pierre Larquey
8%
Rellys
8%
Andrex
7%
Daniel Ivernel
7%
Henri Arius
7%
Jacques Monod
7%
André Weber
6%
Robert Vattier
6%
Paul Dullac
5%
Robert Le Vigan
4%
Saturnin Fabre
4%
Gérard Darrieu
3%
Aimé Clariond
2%
Aucun quiz correspondant
Distribution des résultats
% des personnes avec chaque résultat
Percentile par nombre de réponses
Votre historique - résultats
Vous n’avez pas pris ce quiz